000 01086nam a2200337 c 4500
001 20046
003 ES-MaCES
005 20190513133724.0
008 070511s2007 sp do t m000 | spa d
035 _aCES20070005465m
040 _aES-MaCES
_bspa
_cES-MaCES
110 2 _aBanco Central Europeo
_91583
245 1 0 _aInforme anual 2006
_cBanco Central Europeo
260 _aFrankfurt am Main
_bBCE
_c[2007]
300 _a266 p.
_bgráf. col., fot. col.
_c30 cm
541 _cGratuito
650 4 _aunión monetaria
_928170
650 4 _apolítica monetaria
_928101
650 4 _asistema monetario europeo
_930769
650 4 _aBanco Central Europeo
_931305
650 4 _a2006
_931838
650 4 _amemoria anual
_928977
650 4 _ainforme de actividades
_928984
653 1 0 _aFinanciación
650 4 _926752
_aUE
787 0 _tInforme anual 2007 / Banco Central Europeo
_w(ES-MaCES)21151
787 0 _tInforme anual 2005 / Banco Central Europeo
_w(ES-MaCES)18857
902 _aLIB Libro
942 _2CES
_cBK
_h0.0.
999 _c20046
_d20046